000 01268 a2200217 4500
001 60631
005 20260407155858.0
008 260407a1990 arg spa d
003 AR-UNSa-BCEJYS
040 _aAR-UNSa-BCEJYS
_bspa
_cAR-UNSa-BCEJYS
080 _a321.7
_xDemocracia
245 1 0 _aLas democracias
_pDemocracia antigua, democracia liberal y estado de bienestar
020 _a978-84-344-1093-0
264 1 _aBarcelona :
_bAriel
_c1990
300 _a258 p.
_c21 cm.
505 _aParte I: La democracia en la Grecia clásica: 1. El período arcaico. Siglos VIII-VI a.C – 2. Las reformas democratizadoras del siglo VI en Atenas – 3. La democracia ateniense durante las Guerras Médicas y el periodo perícleo – 4. La crisis de la democracia ateniense en la Guerra del Peloponeso. Las concepciones políticas de la segunda sofistica – Parte II: Las democracias contemporáneas: 5. Democracia antigua y democracia contemporánea – 6. Democracia liberal, capitalismo y socialismo – 7. Democracia liberal y ciencia política – 8. Las democracias liberal-sociales – 9. Tipologías, condiciones sociales y transiciones democráticas
041 _aspa
942 _cBK
590 _aniveau_biblio:m niveau_hierar:0
100 1 _aRequejo Coll, Ferran
999 _c7087
_d7087